Сказания о чудесах; Повесть временных лет; Апокрифы; Шестоднев Иоанна экзарха Болгарского; Повесть о Варлааме и Иоасафе; Сказание об Евстафии Плакиде; Повесть об Акире Премудром; Слово о полку Игореве; Девгениево деяние; Сказание об Индийском царстве; Физиолог; Чудо Георгия о змие; Послание Василия Новгородского Феодору Тверскому о рае; Суды Соломона; Повесть о путешествии Иоанна Новгородского на бесе в Иерусалим; Слово о рахманах; Сказание о дочери Александра Македонского; Сказание о Вавилонском царстве; О земном устроении; Видение хутынского пономаря Тарасия; Тайная Тайных; Повесть о Петре и Февронии; Повесть о споре жизни и смерти; Измарагда; Домострой; Казанская история; Лечебник; Травник; Абевега русских суеверий; История русской жизни с древнейших времен; Народная Русь; Поэтические воззрения славян на природу; Сказания русского народа; Русская народно-бытовая медицина; О поверьях, суевериях и предрассудках русского народа; Новейший снотолкователь; Исполнена есть земля дивности...

Dades bibliogràfiques
Altres autors: Медведев Ю. М. (составитель), Митченко Г. И. (иллюстратор)
Idioma:rus
Publicat: Москва, Советская Россия, 1990
TOC:Повесть временных лет;
Апокрифы;
Шестоднев Иоанна экзарха Болгарского;
Повесть о Варлааме и Иоасафе;
Сказание об Евстафии Плакиде;
Повесть об Акире Премудром;
Слово о полку Игореве;
Девгениево деяние;
Сказание об Индийском царстве;
Физиолог;
Чудо Георгия о змие;
Послание Василия Новгородского Феодору Тверскому о рае;
Суды Соломона;
Повесть о путешествии Иоанна Новгородского на бесе в Иерусалим;
Слово о рахманах;
Сказание о дочери Александра Македонского;
Сказание о Вавилонском царстве;
О земном устроении;
Видение хутынского пономаря Тарасия;
Тайная Тайных;
Повесть о Петре и Февронии;
Повесть о споре жизни и смерти;
Измарагда;
Домострой;
Казанская история;
Лечебник;
Травник;
М. Д. Чулков, Абевега русских суеверий;
И. Е. Забелин, История русской жизни с древнейших времен;
А. А. Коринфский, Народная Русь;
А. Н. Афанасьев, Поэтические воззрения славян на природу;
И. П. Сахаров, Сказания русского народа;
Г. Попов, Русская народно-бытовая медицина;
В. И. Даль, О поверьях, суевериях и предрассудках русского народа;
Новейший снотолкователь;
Ю. М. Медведев, Исполнена есть земля дивности...;
Col·lecció:Библиотека русской фантастики Т. 1
Matèries:
Format: MixedMaterials Llibre
KOHA link:https://koha.lib.tpu.ru/cgi-bin/koha/opac-detail.pl?biblionumber=113118

MARC

LEADER 00000nam0a2200000 4500
001 113118
005 20231101215114.0
010 |a 526801064 
010 |a 5-268-01070 
035 |a (RuTPU)RU\TPU\book\122352 
090 |a 113118 
100 |a 20070406d1990 m y0rusy50 ca 
101 0 |a rus 
102 |a RU 
105 |a a z 001ay 
200 1 |a Сказания о чудесах  |f сост. Ю. М. Медведев; худож. Г. И. Митченко 
210 |a Москва  |c Советская Россия  |d 1990 
215 |a 528 с.  |c цв. ил. 
225 1 |a Библиотека русской фантастики  |e в 20 томах  |v Т. 1 
320 |a Комментарии: с. 505-526. 
464 |t Повесть временных лет  |o отрывки 
464 |t Апокрифы 
464 |t Шестоднев Иоанна экзарха Болгарского  |o отрывки 
464 |t Повесть о Варлааме и Иоасафе  |o отрывки 
464 |t Сказание об Евстафии Плакиде 
464 |t Повесть об Акире Премудром 
464 |t Слово о полку Игореве 
464 |t Девгениево деяние  |o отрывки 
464 |t Сказание об Индийском царстве 
464 |t Физиолог 
464 |t Чудо Георгия о змие 
464 |t Послание Василия Новгородского Феодору Тверскому о рае 
464 |t Суды Соломона  |o отрывки 
464 |t Повесть о путешествии Иоанна Новгородского на бесе в Иерусалим  |o отрывки 
464 |t Слово о рахманах 
464 |t Сказание о дочери Александра Македонского 
464 |t Сказание о Вавилонском царстве 
464 |t О земном устроении 
464 |t Видение хутынского пономаря Тарасия 
464 |t Тайная Тайных  |o отрывки 
464 |t Повесть о Петре и Февронии 
464 |t Повесть о споре жизни и смерти 
464 |t Измарагда  |o отрывки 
464 |t Домострой  |o отрывки 
464 |t Казанская история  |o отрывки 
464 |t Лечебник 
464 |t Травник 
464 |t Абевега русских суеверий  |o отрывки  |f М. Д. Чулков 
464 |t История русской жизни с древнейших времен  |o отрывки  |f И. Е. Забелин 
464 |t Народная Русь  |o отрывки  |f А. А. Коринфский 
464 |t Поэтические воззрения славян на природу  |o отрывки  |f А. Н. Афанасьев 
464 |t Сказания русского народа  |o отрывки  |f И. П. Сахаров 
464 |t Русская народно-бытовая медицина  |o отрывки  |f Г. Попов 
464 |t О поверьях, суевериях и предрассудках русского народа  |o отрывки  |f В. И. Даль 
464 |t Новейший снотолкователь 
464 |t Исполнена есть земля дивности...  |o послесловие  |f Ю. М. Медведев  |a Медведев, Ю. М. 
606 1 |a Русская литература, дореволюционная  |2 stltpush  |3 (RuTPU)RU\TPU\subj\26371  |9 50314 
610 1 |a древнерусская литература 
610 1 |a фантастика 
610 1 |a сказания 
610 1 |a мифы 
610 1 |a поверья 
610 1 |a 11 век 
610 1 |a 12 век 
610 1 |a 13 век 
610 1 |a 14 век 
610 1 |a 15 век 
610 1 |a 16 век 
675 |a Р1  |v 3 
702 1 |a Медведев  |b Ю. М.  |4 220 
702 1 |a Митченко  |b Г. И.  |4 440 
801 1 |a RU  |b 63413507  |c 20070406  |g PSBO 
801 2 |a RU  |b 63413507  |c 20220131  |g PSBO 
942 |c BK